| 000 | 00432nam a2200145 a 4500 | ||
|---|---|---|---|
| 001 | 000028968 | ||
| 005 | 20200930055240.0 | ||
| 008 | 110412s1987 dr 000 0 spa d | ||
| 040 |
_aDO-SdBNP _bspa _cBNPHU |
||
| 082 |
_axxx _bL695r |
||
| 245 | 0 | 1 | _aLibertad y responsabilidad personal y social. |
| 260 |
_a[Santo Domingo] : _bInstituto Nacional de Pastoral, _c[1987?]. _fAmigo del Hogar |
||
| 300 |
_a56 p. ; _c22 cm. |
||
| 049 | _aBNPD | ||
| 999 |
_c28460 _d28460 |
||